| 000 | 00465nam a2200133 a 4500 | ||
|---|---|---|---|
| 008 | 120416s1963 ||||||||||||||||| || u | ||
| 050 | _aREF TJ 212.5 Cla | ||
| 100 | _aClason, W. E | ||
| 245 | 1 | 0 | _aElsevier's dictionary of automatic control |
| 260 |
_aAmsterdam _bElsevier Pub _c1963 |
||
| 300 | _aviii, 211p. | ||
| 350 | _a0.00 | ||
| 995 |
_D0.00 _FCBU-MAIN LIBRARY (Kitwe) _H1 _I35.00 _UDAMAGED _ZReference Collection |
||
| 999 |
_c41708 _d41708 |
||